<?xml version="1.0" encoding="UTF-8"?>
<record
    xmlns:xsi="http://www.w3.org/2001/XMLSchema-instance"
    xsi:schemaLocation="http://www.loc.gov/MARC21/slim http://www.loc.gov/standards/marcxml/schema/MARC21slim.xsd"
    xmlns="http://www.loc.gov/MARC21/slim">

  <leader>01198nas a2200289 i 4500</leader>
  <controlfield tag="003">DO-SdBNP</controlfield>
  <controlfield tag="005">20251217114742.0</controlfield>
  <controlfield tag="007">ta</controlfield>
  <controlfield tag="008">251217e1991    za |||p|r||||||0| | spa d</controlfield>
  <datafield tag="020" ind1=" " ind2=" ">
    <subfield code="q">847820105X</subfield>
  </datafield>
  <datafield tag="040" ind1=" " ind2=" ">
    <subfield code="a">DO-SdBNP</subfield>
    <subfield code="b">spa</subfield>
    <subfield code="c">BNPHU</subfield>
    <subfield code="e">rda</subfield>
  </datafield>
  <datafield tag="041" ind1=" " ind2=" ">
    <subfield code="a">spa</subfield>
  </datafield>
  <datafield tag="245" ind1=" " ind2=" ">
    <subfield code="a">Eco de Arag&#xF3;n : a&#xF1;o 1841 / </subfield>
    <subfield code="c">presentado: Carlos Forcadell &#xC1;lvarez.</subfield>
  </datafield>
  <datafield tag="264" ind1=" " ind2=" ">
    <subfield code="a">Zaragoza, Espa&#xF1;a : </subfield>
    <subfield code="b">Facultad de Filosof&#xED;a y Letras de la Universidad de Zaragoza.</subfield>
    <subfield code="b">Archivo del Excmo. Ayuntamiento de la I. C. de Zaragoza, </subfield>
    <subfield code="c">1991.</subfield>
  </datafield>
  <datafield tag="300" ind1=" " ind2=" ">
    <subfield code="a">volumen  ; </subfield>
    <subfield code="c">35 cm.</subfield>
  </datafield>
  <datafield tag="310" ind1=" " ind2=" ">
    <subfield code="a">Desconocida.</subfield>
  </datafield>
  <datafield tag="336" ind1=" " ind2=" ">
    <subfield code="a">texto</subfield>
    <subfield code="b">txt</subfield>
    <subfield code="2">rdacontent</subfield>
  </datafield>
  <datafield tag="337" ind1=" " ind2=" ">
    <subfield code="a">sin mediaci&#xF3;n </subfield>
    <subfield code="b">n</subfield>
    <subfield code="2">rdamedia</subfield>
  </datafield>
  <datafield tag="338" ind1=" " ind2=" ">
    <subfield code="a">volumen</subfield>
    <subfield code="b">nc</subfield>
    <subfield code="2">rdacarrier</subfield>
  </datafield>
  <datafield tag="362" ind1=" " ind2=" ">
    <subfield code="a">Diciembre 1991.</subfield>
  </datafield>
  <datafield tag="500" ind1=" " ind2=" ">
    <subfield code="a">Edici&#xF3;n facsimilar del texto que se conserva en el Archivo del Excmo. Ayuntamiento de la Inmortal Ciudad de Zaragoza.</subfield>
  </datafield>
  <datafield tag="500" ind1=" " ind2=" ">
    <subfield code="a">Este recurso est&#xE1; compuesto por facsimilar y a la vez tiene ISBN no ISSN.</subfield>
  </datafield>
  <datafield tag="650" ind1=" " ind2="0">
    <subfield code="a">Facs&#xED;miles</subfield>
    <subfield code="9">88865</subfield>
    <subfield code="v">Publicaciones peri&#xF3;dicas </subfield>
  </datafield>
  <datafield tag="700" ind1=" " ind2=" ">
    <subfield code="a">Forcadell &#xC1;lvarez, Carlos </subfield>
    <subfield code="9">88864</subfield>
    <subfield code="e">presentaci&#xF3;n</subfield>
  </datafield>
  <datafield tag="710" ind1=" " ind2=" ">
    <subfield code="a">Universidad de Zaragoza</subfield>
    <subfield code="9">88866</subfield>
    <subfield code="b">Facultad de Filosof&#xED;a y Letras</subfield>
  </datafield>
  <datafield tag="942" ind1=" " ind2=" ">
    <subfield code="2">ddc</subfield>
    <subfield code="c">ISSBD</subfield>
  </datafield>
  <datafield tag="952" ind1=" " ind2=" ">
    <subfield code="0">0</subfield>
    <subfield code="1">0</subfield>
    <subfield code="2">ddc</subfield>
    <subfield code="4">0</subfield>
    <subfield code="5">6</subfield>
    <subfield code="7">0</subfield>
    <subfield code="8">SE</subfield>
    <subfield code="a">BNPHU</subfield>
    <subfield code="b">BNPHU</subfield>
    <subfield code="d">2025-12-17</subfield>
    <subfield code="h">Diciembre 1991</subfield>
    <subfield code="l">0</subfield>
    <subfield code="p">2025-14019</subfield>
    <subfield code="r">2025-12-17</subfield>
    <subfield code="t">e.1</subfield>
    <subfield code="w">2025-12-17</subfield>
    <subfield code="y">ISSBD</subfield>
  </datafield>
  <datafield tag="999" ind1=" " ind2=" ">
    <subfield code="c">60098</subfield>
    <subfield code="d">60098</subfield>
  </datafield>
</record>
